US State Capitals by State - Statistics

General Stats
  • This quiz has been taken 39 times
  • The average score is 41 of 50
Answers on the Map
Answers color-coded by a green-red scale on the quiz's map according to % correct below.
 
Answer Stats
Answer % Correct
Austin
97%
Albany
93%
Boston
93%
Denver
93%
Honolulu
93%
Oklahoma City
93%
Sacramento
93%
Salt Lake City
93%
Indianapolis
90%
Juneau
90%
Atlanta
87%
Baton Rouge
87%
Carson City
87%
Nashville
87%
Springfield
87%
Tallahassee
87%
Boise
83%
Columbus
83%
Little Rock
83%
Olympia
83%
Phoenix
83%
Richmond
83%
Bismark
80%
Des Moines
80%
Dover
80%
Helena
80%
Jackson
80%
Madison
80%
Montgomery
80%
St. Paul
80%
Cheyenne
77%
Lansing
77%
Lincoln
77%
Pierre
77%
Raleigh
77%
Topeka
77%
Trenton
77%
Augusta
73%
Frankfort
73%
Hartford
73%
Montpelier
73%
Providence
73%
Salem
73%
Annapolis
70%
Charleston
70%
Columbia
70%
Concord
70%
Jefferson City
70%
Santa Fe
70%
Harrisburg
67%
No matching quizzes found
Score Distribution
Percent of People with Each Score
Percentile by Number Answered
Your Score History
You have not taken this quiz